000 004770000a22001810004500
003 MACL
005 20151021101739.0
008 151021b xxu||||| |||| 00| 0 eng d
040 _aMACL
_cMACL
041 _aEnglish
082 _a954/MUK
100 _aMukhopadhyay, Kali Prasad
_916019
245 _aPartition, Bengal and After
_bThe Great Tragedy of India
260 _bReference Press
_c2007
_aNew Delhi
350 _a575
650 _aHistory
_916020
942 _cBK
_k954
_2ddc
999 _c8483
_d8483